Principles & Practice of Management (Record no. 13)

MARC details
000 -LEADER
Fixed length control field 00435nam a2200169 4500
003 - CONTROL NUMBER IDENTIFIER
Control field SEACOMMC
005 - DATE AND TIME OF LATEST TRANSACTION
Control field 20251017132007.0
008 - FIXED-LENGTH DATA ELEMENTS--GENERAL INFORMATION
Fixed length control field 230930b |||||||| |||| 00| 0 eng d
020 ## - INTERNATIONAL STANDARD BOOK NUMBER / ISBN
Price 225.00
International Standard Book Number 978-8125940579
040 ## - CATALOGING SOURCE
Original cataloging agency SEACOMMC
082 ## - DEWEY DECIMAL CLASSIFICATION NUMBER
Book Number SE476
Classification number 658
100 ## - MAIN ENTRY--PERSONAL NAME
Personal name Sengupta, Partho S.
245 ## - TITLE STATEMENT
Title Principles & Practice of Management
Statement of responsibility Partho S. Sengupta
260 ## - IMPRINT
Place of publication Kolkata
Name of publisher Vikas
Date of publication 2010
650 ## - SUBJECT ADDED ENTRY--TOPICAL TERM
Topical term Management
942 ## - ADDED ENTRY ELEMENTS (KOHA)
Koha item type Gifted/Donated Books
Holdings
Withdrawn status Lost status Source of classification Damaged status Not for loan Home library Current library Date acquired Price Total Checkouts Call number Accession number Date last seen Price effective from Koha item type
    Dewey Decimal Classification     SEACOM MANAGEMENT COLLEGE SEACOM MANAGEMENT COLLEGE 30/09/2023 2010.00   658 SE476 G8 30/09/2023 30/09/2023 Gifted/Donated Books
© Seacom Engineering College, All rights reserved.    Powered by Koha